|
|
|
|
| LEADER |
01308nam a22002297i 4500 |
| 003 |
GR-PaULI |
| 005 |
20210117210451.0 |
| 008 |
171002s1997 gr |||| |||| 00| e gre d |
| 020 |
|
|
|a 9608606713
|
| 040 |
|
|
|a GR-PaULI
|b gre
|c GR-PaULI
|e AACR2
|
| 082 |
0 |
4 |
|a 889.92
|2 23
|
| 100 |
1 |
|
|9 3152
|a Σαββίδης, Γιώργος Π. ,
|e συγγραφέας
|d 1929-1995
|
| 245 |
1 |
2 |
|a Το σπίτι της μνήμης :
|b ανθολογία Κυπριολογικών δημοσιευμάτων του Γ.Π. Σαββίδη /
|c επιμέλεια Μανόλης Σαββίδης.
|
| 260 |
|
|
|a Αθήνα :
|b Σπουδαστήριο Νέου Πολιτισμού,
|c 1997.
|
| 300 |
|
|
|a 155 σ. ;
|c 21 εκ.
|
| 504 |
|
|
|6 Περιλαμβάνει εργογραφία και παραστασιογραφία.
|
| 505 |
0 |
|
|a Ένα κυριακάτικο σκετς -- Μια αεροπειρατεία -- Στης Κύπρου το βασίλειο -- Μανώλη...! -- Φουλ μεζέ.
|
| 700 |
1 |
|
|9 148876
|a Σαββίδης, Μανόλης
|e επιμελητής
|
| 942 |
|
|
|2 ddc
|c BK15
|
| 952 |
|
|
|0 0
|1 0
|2 ddc
|4 0
|6 889_920000000000000_ΣΑΒ
|7 0
|9 215548
|a THST
|b THST
|d 2017-10-02
|i 009821
|l 0
|o 889.92 ΣΑΒ
|p 025000012572
|r 2017-10-02 00:00:00
|t 1
|v 2017.00
|w 2017-10-02
|y BK15
|
| 998 |
|
|
|c ΜΑΝΙΑ
|d 2017-10
|
| 999 |
|
|
|c 130954
|d 130954
|